000 00459cam a2200193ua 4500
001 8857
005 20260515114405.0
008 150216n ii |||gr||||Z||||||eng
040 _cMAIN
041 _aeng
082 _a809
100 _aCowell, R.,
_eEditor.
245 1 _aCritics on yeats
_cEdited by R. Cowell
250 _a1st.
260 _aNew Delhi:
_bUniversal,
_c1996.
300 _a116p.
653 _aHistory, description & criticism
942 _cBK
999 _c7945
_d7945